Der calvinistische Einfluss auf das humanistische Rechtsdenken: Exemplarisch dargestellt an den Commentarii de iure civili, von Hugo Donellus, 1527-1591

Guardat en:
Dades bibliogràfiques
Autor principal: Heise, Volker (Autor)
Format: Llibre
Idioma:alemany
Publicat: Gotinga V & R Unipress 2004
Col·lecció:Osnabrücker Schriften zur Rechtsgeschichte, 8
Matèries:
Etiquetes: Afegir etiqueta
Sense etiquetes, Sigues el primer a etiquetar aquest registre!

MARC

LEADER 00000cam a2200000 a 4500
001 UCG8716
003 CL-VaPUC
008 111229e20040000GW |||||||||||||||||ger|d
020 |a 389971136X 
082 0 4 |a 340.09  |b HEI  |2 21 
100 0 |a Heise, Volker  |e author  |9 559836 
245 1 4 |a Der calvinistische Einfluss auf das humanistische Rechtsdenken: Exemplarisch dargestellt an den Commentarii de iure civili, von Hugo Donellus, 1527-1591 
300 |a 314 p 
942 |c BK 
945 |d 20111229 00:00:00  |a cmena 
260 |a Gotinga  |b V & R Unipress  |c 2004 
600 0 7 |a DONELLUS, HUGO  |2 CL-VaPUC  |9 559837 
650 0 |a Historia del derecho  |9 255109 
650 0 |a Calvinismo  |9 399682 
650 0 |a Teoría del derecho  |9 255982 
650 0 |a Ordenamiento jurídico   |9 355371 
583 |a last modification  |c 20111229 10:48:00  |k Rodrigo Vera 
490 0 |a Osnabrücker Schriften zur Rechtsgeschichte, 8 
999 |c 346314  |d 346312 
952 |0 0  |1 0  |4 0  |6 340_090000000000000_HEI_2004  |7 0  |8 DER_HIS  |9 446971  |a BIBDER  |b BIBDER  |d 2019-11-22  |i 4818350  |o 340.09 HEI 2004  |p 4818350  |r 2023-01-25  |w 2019-11-22  |x Ubicación 4to Piso  |y BK  |z Estos recursos deben solicitarse con anticipación  |k DER